01017naa#a2200193#i#4500001001500000005001700015100004100032102000700073200015600080210016900236215001000405608006000415675014600475700005200621700005400673700002600727700005200753856001800805RU\\bibl\1932020260418174609.6##a20260417b2026####ek#y0rusy0150####ca##aRU1#aВЗАИМОСВЯЗЬ ФИЗИЧЕСКОГО И ДУХОВНОГО РАЗВИТИЯ ЛИЧНОСТИeСтатья/тезисы конференции1#aВоронежcВоронежский государственный лесотехнический университет имени Г.Ф. Морозоваd2026##a5 с.##aСтатья/тезисы конференции2local##aФилософские и научно-теоретические основы физической культуры и спорта. 796.011#1aГригорьеваgИя Викторовна#1aВолковаgЕлена Григорьевна#1aВалиевgС. К.#1aКузнецовgИван Васильевич4#abibl.vgltu.ru